[Event "Wch U20 51st"]
[Site "Athens"]
[Date "2012.08.07"]
[Round "6"]
[White "Tsiros, Fragkiskos Vlasios"]
[Black "Cajahuanca Ramirez, Olindo"]
[Result "0-1"]
[WhiteElo "1897"]
[BlackElo "1856"]
[PlyCount "82"]
[EventDate "2012.08.02"]
[EventType "swiss"]
[EventRounds "13"]
[EventCountry "GRE"]
[SourceTitle "CBM 149 Extra"]
[Source "ChessBase"]
[SourceDate "2012.08.24"]
[SourceVersion "1"]
[SourceVersionDate "2012.08.24"]
[SourceQuality "1"]

1. e4 c5 2. Nf3 d6 3. d4 cxd4 4. Nxd4 Nf6 5. Nc3 a6 6. h3 e5 7. Nde2 h5 8. Bg5 Be7 9. Qd2 Be6 10. 0-0-0 Nbd7 11. Ng3 b5 12. a3 Rb8 13. Nf5 Bxf5 14. exf5 b4 15. axb4 Rxb4 16. Bxf6 Nxf6 17. b3 Rd4 18. Qe2 Rxd1+ 19. Qxd1 d5 20. Kb2 d4 21. Nb1 Qa5 22. Qe2 0-0 23. Qxa6 Qd5 24. Qc4 Qe4 25. Qd3 Qf4 26. Qf3 Qh6 27. Bd3 Rd8 28. Rd1 Bb4 29. Bc4 e4 30. Qe2 Qf4 31. f3 Qe5 32. Bd3 e3 33. Bc4 d3+ 34. c3 dxe2 35. Rxd8+ Kh7 36. Bxe2 Nd5 37. Rc8 Nf4 38. Rc4 Nxe2 39. Rxb4 Nxc3 40. Nxc3 e2 41. Re4 e1Q 0-1

[Event "Wch U20 51st"]
[Site "Athens"]
[Date "2012.08.03"]
[Round "2"]
[White "Cajahuanca Ramirez, Olindo"]
[Black "Aghayev, Miragha"]
[Result "0-1"]
[WhiteElo "1856"]
[BlackElo "2187"]
[PlyCount "76"]
[EventDate "2012.08.02"]
[EventType "swiss"]
[EventRounds "13"]
[EventCountry "GRE"]
[SourceTitle "CBM 149 Extra"]
[Source "ChessBase"]
[SourceDate "2012.08.24"]
[SourceVersion "1"]
[SourceVersionDate "2012.08.24"]
[SourceQuality "1"]

1. e4 c5 2. Nf3 d6 3. d4 cxd4 4. Nxd4 Nf6 5. Nc3 a6 6. Bg5 e6 7. f4 Be7 8. Qf3 Qc7 9. 0-0-0 Nbd7 10. g4 b5 11. a3 Bb7 12. Bxf6 Nxf6 13. g5 Nd7 14. h4 0-0-0 15. Rh3 Kb8 16. Qe3 Rc8 17. Kb1 Nb6 18. Bxb5 axb5 19. Ncxb5 Nc4 20. Qe1 Qa5 21. Rc3 Qa6 22. Rb3 Ka8 23. Nc3 Rc5 24. Rb4 Kb8 25. Nb3 Rc7 26. Rd4 Nb6 27. Rb5 Rc5 28. Nxc5 dxc5 29. Rd1 Bc6 30. Rb3 c4 31. Rb4 Bxb4 32. axb4 Nc8 33. e5 Qb7 34. Na2 Qe7 35. Rd4 Bd5 36. c3 Kc7 37. Nc1 Nb6 38. Ne2 Ra8 0-1

[Event "Pan American-ch U20"]
[Site "Sao Paulo"]
[Date "2012.07.02"]
[Round "7"]
[White "Cajahuanca Ramirez, Olindo"]
[Black "Garkauskas, Otto Dmitry"]
[Result "0-1"]
[WhiteElo "1865"]
[BlackElo "2080"]
[PlyCount "52"]
[EventDate "2012.06.29"]
[EventType "swiss"]
[EventRounds "9"]
[EventCountry "BRA"]
[SourceTitle "CBM 149 Extra"]
[Source "ChessBase"]
[SourceDate "2012.08.24"]
[SourceVersion "1"]
[SourceVersionDate "2012.08.24"]
[SourceQuality "1"]

1. e4 c5 2. Nf3 d6 3. d4 cxd4 4. Nxd4 Nf6 5. Nc3 a6 6. Be2 e5 7. Nb3 Be7 8. Be3 0-0 9. g4 Be6 10. Nd5 Nbd7 11. g5 Nxe4 12. Nxe7+ Qxe7 13. Bf3 Nec5 14. Nxc5 Nxc5 15. Bxc5 dxc5 16. h4 e4 17. Be2 f5 18. Qd2 Rad8 19. Qc3 Rd4 20. b3 f4 21. Rd1 Rfd8 22. f3 exf3 23. Rxd4 cxd4 24. Qxf3 Bd5 25. Qf1 f3 26. Rh2 Re8 0-1